<?xml version="1.0" encoding="UTF-8"?>
<record
    xmlns:xsi="http://www.w3.org/2001/XMLSchema-instance"
    xsi:schemaLocation="http://www.loc.gov/MARC21/slim http://www.loc.gov/standards/marcxml/schema/MARC21slim.xsd"
    xmlns="http://www.loc.gov/MARC21/slim">

  <leader>00985nam a2200217 i 4500</leader>
  <controlfield tag="001">181756</controlfield>
  <controlfield tag="003">ES-MaACL</controlfield>
  <controlfield tag="005">20250809163921.0</controlfield>
  <controlfield tag="008">130325s1924    sp           |||| | spa d</controlfield>
  <datafield tag="080" ind1=" " ind2=" ">
    <subfield code="a">903(460.27)</subfield>
  </datafield>
  <datafield tag="100" ind1="1" ind2=" ">
    <subfield code="a">P&#xE9;rez de Barradas, Jos&#xE9;.</subfield>
    <subfield code="9">90766</subfield>
  </datafield>
  <datafield tag="245" ind1="1" ind2="0">
    <subfield code="a">Yacimientos paleol&#xED;ticos del valle del Manzanares (Madrid) </subfield>
    <subfield code="b">: memoria que... de los trabajos realizados en 1922-23 / </subfield>
    <subfield code="c">presenta Don Jos&#xE9; P&#xE9;rez de Barradas.</subfield>
  </datafield>
  <datafield tag="260" ind1=" " ind2=" ">
    <subfield code="a">Madrid : </subfield>
    <subfield code="b">[s.n.], </subfield>
    <subfield code="c">1924 (</subfield>
    <subfield code="f">Tip. de la "Rev.de Arch., Bibl. y Museos")</subfield>
  </datafield>
  <datafield tag="300" ind1=" " ind2=" ">
    <subfield code="a">19 p., VI l&#xE1;m. pleg. ; </subfield>
    <subfield code="c">24 cm.</subfield>
  </datafield>
  <datafield tag="490" ind1="1" ind2=" ">
    <subfield code="a">Junta Superior de Excavaciones y Antig&#xFC;edades ; </subfield>
    <subfield code="v">n. 60 = 7, 1922-23</subfield>
  </datafield>
  <datafield tag="650" ind1=" " ind2="7">
    <subfield code="a">Excavaciones arqueol&#xF3;gicas-</subfield>
    <subfield code="z">Madrid (Comunidad Aut&#xF3;noma)</subfield>
    <subfield code="2"></subfield>
    <subfield code="9">141253</subfield>
  </datafield>
  <datafield tag="710" ind1="2" ind2=" ">
    <subfield code="a">Espa&#xF1;a. </subfield>
    <subfield code="b">Junta Superior de Excavaciones y Antig&#xFC;edades.</subfield>
    <subfield code="9">152463</subfield>
  </datafield>
  <datafield tag="830" ind1="0" ind2=" ">
    <subfield code="a">Junta Superior de Excavaciones y Antig&#xFC;edades ; </subfield>
    <subfield code="v">n. 60 = 7, 1922-23</subfield>
    <subfield code="9">191570</subfield>
  </datafield>
  <datafield tag="852" ind1=" " ind2=" ">
    <subfield code="a">ES-MaACL</subfield>
    <subfield code="j">E-3372(7)</subfield>
  </datafield>
  <datafield tag="999" ind1=" " ind2=" ">
    <subfield code="c">181756</subfield>
    <subfield code="d">181756</subfield>
  </datafield>
  <datafield tag="952" ind1=" " ind2=" ">
    <subfield code="0">0</subfield>
    <subfield code="1">0</subfield>
    <subfield code="4">0</subfield>
    <subfield code="7">0</subfield>
    <subfield code="a">ATENEOM</subfield>
    <subfield code="b">ATENEOM</subfield>
    <subfield code="c">DEPO2</subfield>
    <subfield code="d">2013-03-25</subfield>
    <subfield code="e">DON</subfield>
    <subfield code="l">0</subfield>
    <subfield code="o">E-3372(7)</subfield>
    <subfield code="p">1191006</subfield>
    <subfield code="r">2023-02-23 00:00:00</subfield>
    <subfield code="w">2023-02-23</subfield>
    <subfield code="y">MONOGRAFIA</subfield>
  </datafield>
</record>
